[Event "Challenge"]
[Site "http://www.queenalice.com/game.php?id=1826581"]
[Date "2023.12.4"]
[Round "-"]
[White "jpribeiro"]
[Black "Copelipon"]
[Result "1-0"]
[WhiteElo "1668"]
[BlackElo "2050"]

1. e4 d6 2. d4 Nf6 3. Bd3 c5 4. dxc5 dxc5 5. Bb5+ Bd7 6. Bxd7+ Nbxd7 7. Nc3 e6
8. f4 e5 9. fxe5 Nxe5 10. Nf3 Bd6 11. Nxe5 Bxe5 12. Qxd8+ Rxd8 13. Bd2 O-O 14.
O-O-O Bxc3 15. Bxc3 Nxe4 16. Rxd8 Rxd8 17. Be5 f6 18. Bc7 Rd7 19. Bf4 g5 20. Be3
h6 21. Rd1 Rc7 22. Rd8+ Kf7 23. Rh8 Kg6 24. Re8 Nd6 25. Rd8 Nc4 26. Bf2 b6 27.
b3 Ne5 28. Bg3 Rf7 29. Rd6 Nd7 30. h4 Kh5 31. hxg5 hxg5 32. Rc6 Ne5 33. Bxe5
fxe5 34. Rc8 Re7 35. Rh8+ Kg4 36. Rh3 e4 37. Re3 Kf4 38. Kd2 Rh7 39. g3+ Ke5 40.
Rc3 Rd7+ 41. Ke3 Kd5 42. Rc4 Re7 43. a4 a6 44. Rc3 Rf7 45. Rc4 1-0

[Event "Challenge"]
[Site "http://www.queenalice.com/game.php?id=1826582"]
[Date "2023.12.4"]
[Round "-"]
[White "Copelipon"]
[Black "jpribeiro"]
[Result "1-0"]
[WhiteElo "2074"]
[BlackElo "1621"]

1. d4 Nf6 2. c4 g6 3. Nc3 d5 4. Nf3 Bg7 5. e3 O-O 6. Bd3 Bg4 7. O-O Re8 8. cxd5
Nxd5 9. Bc4 Nxc3 10. bxc3 c6 11. Qb3 Be6 12. Bxe6 fxe6 13. Qxe6+ Kh8 14. Ng5 Qd5
15. Qh3 h6 16. e4 Qd7 17. Nf7+ Kg8 18. Nxh6+ Bxh6 19. Qxh6 Qd6 20. e5 Qe6 21. f4
Qf7 22. Be3 Qh7 23. Qg5 Rf8 24. h4 Rf5 25. Qg3 Na6 26. Qh3 Nc7 27. g4 Rff8 28.
Rf3 Ne6 29. Qg3 Rad8 30. Raf1 Nc7 31. f5 gxf5 32. gxf5+ Kh8 33. Bg5 Ne8 34. Rf4
Rg8 35. Rg4 Ng7 36. f6 exf6 37. Bxf6 Rd7 38. e6 Rd5 39. Bxg7+ Rxg7 40. Rf8+ Rg8
41. Rgxg8+ 1-0

[Event "Challenge"]
[Site "http://www.queenalice.com/game.php?id=1826905"]
[Date "2023.12.11"]
[Round "-"]
[White "jpribeiro"]
[Black "Copelipon"]
[Result "0-1"]
[WhiteElo "1781"]
[BlackElo "2070"]

1. e4 e6 2. d4 d5 3. e5 c5 4. c3 Nc6 5. Bb5 Bd7 6. f4 cxd4 7. cxd4 Bb4+ 8. Nc3
Bxc3+ 9. bxc3 Qa5 10. Qd3 Nge7 11. Nf3 O-O 12. Bxc6 Bxc6 13. Bd2 Bb5 14. Qe3 Qc7
15. O-O-O Qa5 16. c4 Qxa2 17. cxb5 Qa1+ 18. Kc2 Qa4+ 19. Qb3 Rfc8+ 20. Kb2 Qc4
21. Qxc4 dxc4 22. Bb4 Nd5 23. Be1 a6 24. bxa6 Rxa6 25. Rc1 Nxf4 26. Rc2 b5 27.
g3 Nd3+ 28. Kb1 b4 29. Ra2 Rb6 30. Bd2 c3 31. Rc2 Rbc6 32. Bc1 b3 33. Re2 c2+
34. Ka1 Ra8+ 0-1

[Event "Challenge"]
[Site "http://www.queenalice.com/game.php?id=1826906"]
[Date "2023.12.11"]
[Round "-"]
[White "Copelipon"]
[Black "jpribeiro"]
[Result "1-0"]
[WhiteElo "2076"]
[BlackElo "1649"]

1. c4 e5 2. Nc3 c5 3. g3 Nc6 4. Bg2 Nf6 5. d3 h6 6. f4 d6 7. fxe5 Nxe5 8. Nf3
Nxf3+ 9. Bxf3 Be7 10. Nd5 Nxd5 11. Bxd5 O-O 12. e4 Rb8 13. O-O Bh3 14. Rf2 Qd7
15. Qh5 Be6 16. Bxe6 Qxe6 17. Be3 f5 18. Qh3 Rf7 19. Re1 g5 20. exf5 Rxf5 21.
Rxf5 Qg6 22. g4 Rf8 23. Bxc5 Rxf5 24. gxf5 Qf6 25. Bxa7 Bf8 26. b3 Qc3 27. Bf2
Qb2 28. Qf3 Qxa2 29. Qxb7 Qa3 30. Re8 Qc1+ 31. Kg2 Qc3 32. Qe7 Qg7 33. Qxd6 Qf7
34. Bc5 Qxe8 35. Qxf8+ 1-0

[Event "Challenge"]
[Site "http://www.queenalice.com/game.php?id=1827094"]
[Date "2023.12.12"]
[Round "-"]
[White "jpribeiro"]
[Black "Copelipon"]
[Result "1-0"]
[WhiteElo "1644"]
[BlackElo "2080"]

1. e4 c5 2. a3 Nc6 3. c3 Nf6 4. f3 e6 5. d4 cxd4 6. cxd4 d5 7. e5 Nd7 8. Nc3
Qh4+ 9. g3 Qxd4 10. Qxd4 Nxd4 11. Kd1 Nc5 12. Be3 Ndb3 13. Bb5+ Bd7 14. Bxd7+
Kxd7 15. Rb1 Nd3 16. Kc2 Nbc5 17. b4 Nxe5 18. bxc5 Kc6 19. Na4 Be7 20. Ne2 Nxf3
21. Nd4+ Nxd4+ 22. Bxd4 f6 23. Rb2 Rhb8 24. Re1 e5 25. Bf2 Bf8 26. Rb3 d4 27.
Reb1 Bxc5 28. Nxc5 Kxc5 29. Rxb7 Rxb7 30. Rxb7 e4 31. Rxg7 Kd5 32. Rd7+ Ke5 33.
Bxd4+ Kf5 34. Rxh7 Re8 35. Rxa7 e3 36. Ra5+ Ke4 37. Bxf6 Rf8 38. Re5+ Kd4 39.
Re6+ Kd5 40. Re5+ Kd6 41. Be7+ Kxe5 42. Bxf8 Ke4 43. a4 Kf3 44. Kd1 Kf2 45. Bc5
Kf3 46. Ke1 1-0

[Event "Challenge"]
[Site "http://www.queenalice.com/game.php?id=1828006"]
[Date "2023.12.27"]
[Round "-"]
[White "jpribeiro"]
[Black "Copelipon"]
[Result "1-0"]
[WhiteElo "1899"]
[BlackElo "2116"]

1. e4 e5 2. Nc3 Nf6 3. f4 d5 4. fxe5 Nxe4 5. Nf3 Bc5 6. d4 Be7 7. Qe2 f5 8. Nxe4
fxe4 9. Nd2 Nc6 10. c4 Nxd4 11. Qd1 Bg4 12. Qa4+ Bd7 13. Qd1 e3 14. Nb1 e2 15.
Bxe2 Nxe2 16. Qxe2 dxc4 17. Qxc4 a6 18. O-O Bb5 19. Qf7+ Kd7 20. Rd1+ Kc8 21.
Rxd8+ Kxd8 22. Qxg7 Rf8 23. Nd2 Bc5+ 24. Kh1 Be7 25. Qxh7 c6 26. Nf3 Kd7 27. Bh6
Rh8 28. Rd1+ Ke6 29. Nd4+ Kxe5 30. Qxe7+ Kd5 31. Nxb5+ Kc4 32. Na3# 1-0

[Event "Challenge"]
[Site "http://www.queenalice.com/game.php?id=1828511"]
[Date "2024.1.5"]
[Round "-"]
[White "jpribeiro"]
[Black "Copelipon"]
[Result "1-0"]
[WhiteElo "1854"]
[BlackElo "2096"]

1. e4 e6 2. d4 d5 3. e5 c5 4. c3 Nc6 5. Nf3 cxd4 6. cxd4 Bb4+ 7. Bd2 Nge7 8.
Bxb4 O-O 9. Bxe7 Qxe7 10. Nc3 Bd7 11. Bd3 a6 12. Qc2 g6 13. a3 b5 14. O-O Rfc8
15. Rfe1 f6 16. exf6 Qxf6 17. Ne5 Be8 18. Nxc6 Rxc6 19. Re5 Rb8 20. Rae1 Bd7 21.
R1e3 Qh4 22. Rh3 Qxd4 23. Ree3 Qg7 24. f4 d4 25. Reg3 1-0

[Event "Challenge"]
[Site "http://www.queenalice.com/game.php?id=1829812"]
[Date "2024.1.20"]
[Round "-"]
[White "jpribeiro"]
[Black "Copelipon"]
[Result "0-1"]
[WhiteElo "1937"]
[BlackElo "2109"]

1. e4 d6 2. d4 Nf6 3. Nc3 g6 4. f4 Bg7 5. Nf3 O-O 6. Bd3 Nc6 7. Be3 Ng4 8. Bg1
e5 9. dxe5 dxe5 10. fxe5 Ncxe5 11. Nxe5 Bxe5 12. g3 Be6 13. h3 Bxg3+ 14. Kf1 Qh4
15. Qf3 Ne5 16. Qg2 f5 17. Ne2 fxe4+ 0-1

[Event "Challenge"]
[Site "http://www.queenalice.com/game.php?id=1836341"]
[Date "2024.5.5"]
[Round "-"]
[White "jpribeiro"]
[Black "Copelipon"]
[Result "0-1"]
[WhiteElo "1634"]
[BlackElo "2078"]

1. e4 e6 2. d4 d5 3. e5 c5 4. c3 Nc6 5. Nf3 Bd7 6. Bb5 Qc7 7. O-O f6 8. exf6
Nxf6 9. Re1 Bd6 10. h3 Ne4 11. Bd3 Nxf2 12. Kxf2 Bg3+ 13. Kf1 Bxe1 14. Qxe1 O-O
15. dxc5 Ne5 16. Be2 Nxf3 17. Bxf3 Qh2 18. Be3 e5 19. Bg1 Rxf3+ 20. Ke2 Qxg2+
21. Bf2 Raf8 22. Nd2 Rxf2+ 23. Ke3 Qxh3+ 0-1

[Event "Let's Play Chess!"]
[Site "http://www.queenalice.com/game.php?id=1858762"]
[Date "2025.6.30"]
[Round "-"]
[White "igor12345"]
[Black "Copelipon"]
[Result "0-1"]
[WhiteElo "1883"]
[BlackElo "1916"]

1. e4 e5 2. f4 exf4 3. Nf3 g5 4. h3 h5 5. d4 d6 6. Nc3 f5 7. e5 g4 8. Ng1 Qh4+
9. Ke2 Bh6 10. Qe1 Qd8 11. Kd1 Be6 12. d5 Nc6 13. dxe6 dxe5+ 14. Qd2 f3 15.
Qxd8+ Rxd8+ 16. Ke1 Nd4 17. Bxh6 Nxc2+ 18. Kf2 Nxa1 19. Bg5 Ne7 20. gxf3 g3+ 0-1

[Event "Let's Play Chess!"]
[Site "http://www.queenalice.com/game.php?id=1863699"]
[Date "2025.10.4"]
[Round "-"]
[White "Charles56"]
[Black "Copelipon"]
[Result "1-0"]
[WhiteElo "1747"]
[BlackElo "1907"]

1. Nc3 e5 2. d4 exd4 3. Qxd4 Nc6 4. Qe4+ Be7 5. Bg5 h6 6. Bh4 g5 7. Bg3 Nf6 8.
Qd3 d6 9. a3 a6 10. e4 Bg4 11. Be2 1-0

[Event "Let's Play Chess!"]
[Site "http://www.queenalice.com/game.php?id=1863700"]
[Date "2025.10.4"]
[Round "-"]
[White "Copelipon"]
[Black "Charles56"]
[Result "0-1"]
[WhiteElo "1931"]
[BlackElo "1723"]

1. c3 e5 2. Qc2 h6 3. d4 exd4 4. cxd4 d5 5. e4 dxe4 6. Qxe4+ Be7 7. Bb5+ c6 8.
Bc4 Nf6 9. Qd3 O-O 10. Nf3 Re8 11. O-O Bd6 12. Be3 Be6 0-1